Statistics for Cities with the Most JetPunk Users

Click here to take the quiz!

General Stats

  • This quiz has been taken 1,115 times
    (304 since last reset)
  • The average score is 13 of 21

Answer Stats

%ContinentCity% Correct
1.10AmericasNew York
97%
3.90EuropeParis
96%
4.72EuropeLondon
95%
0.49AmericasLos Angeles
88%
0.80OceaniaSydney
88%
0.52EuropeMadrid
85%
0.70AmericasChicago
79%
0.85OceaniaMelbourne
73%
2.53EuropeWarsaw
67%
0.67AmericasToronto
61%
0.51EuropeMilan
60%
0.61AmericasWashington, D.C.
57%
0.42AmericasDallas
52%
0.50AmericasVancouver
47%
0.60AmericasSao Paulo
46%
0.48AmericasMontreal
43%
0.87EuropeFrankfurt
39%
0.59EuropeHelsinki
39%
0.51EuropeKrakow
30%
0.99EuropeWroclaw
15%
0.63EuropePoznan
11%

Score Distribution

Percentile by Number Answered

Percent of People with Each Score

Your Score History

You have not taken this quiz since the last reset